European food composition tables in translation /
| Other Authors: | , , |
|---|---|
| Format: | Book |
| Language: | English Multiple languages |
| Published: |
Berlin ; New York :
Springer-Verlag,
[1987]
|
| Series: | Supplement zu den Sitzungsberichten der Mathematisch-Naturwissenschaftlichen Klasse ;
Jahrg. 1987. Veröffentlichungen aus der Geomedizinischen Forschungsstelle der Heidelberger Akademie der Wissenschaften. |
| Subjects: |
MARC
| Tag | First Indicator | Second Indicator | Subfields |
|---|---|---|---|
| LEADER | 00000cam a2200000 a 4500 | ||
| 001 | in00000016321 | ||
| 005 | 20151007052735.0 | ||
| 008 | 870323s1987 wb b 00000 eng | ||
| 010 | |a 87009432 | ||
| 020 | |a 0387173935 (U.S. : pbk.) | ||
| 035 | |a (OCoLC)15518687 | ||
| 035 | |9 AAA9008AM | ||
| 040 | |a DLC |c DLC |d TXA |d UtOrBLW | ||
| 041 | 1 | |a eng |a mul | |
| 043 | |a e------ | ||
| 049 | |a TXAM |c [A11484882] | ||
| 050 | 0 | 0 | |a TX531 |b .E94 1987 |
| 082 | 0 | |a 641.1 |2 19 | |
| 245 | 0 | 0 | |a European food composition tables in translation / |c L. Arab, M. Wittler, G. Schettler. |
| 264 | 1 | |a Berlin ; |a New York : |b Springer-Verlag, |c [1987] | |
| 264 | 4 | |c ©1987 | |
| 300 | |a viii, 155 pages ; |c 25 cm. | ||
| 336 | |a text |b txt |2 rdacontent | ||
| 337 | |a unmediated |b n |2 rdamedia | ||
| 338 | |a volume |b nc |2 rdacarrier | ||
| 490 | 1 | |a Supplement zu den Sitzungsberichten der Mathematisch-Naturwissenschaftlichen Klasse ; |v Jahrg. 1987 | |
| 490 | 1 | |a Veröffentlichungen aus der Geomedizinischen Forschungsstelle der Heidelberger Akademie der Wissenschaften | |
| 500 | |a "Compilation of the introductory material included in the most recent edition of 21 published food composition tables of 14 European countries"--introduction. | ||
| 504 | |a Includes bibliographies. | ||
| 650 | 0 | |a Food |x Composition |v Tables. | |
| 650 | 0 | |a Food |x Analysis |x Tables. | |
| 650 | 0 | |a Diet |z Europe |x Tables. | |
| 700 | 1 | |a Arab-Kohlmeier, L. |q (Lenore), |d 1953- | |
| 700 | 1 | |a Wittler, M. |q (Marion), |d 1919- | |
| 700 | 1 | |a Schettler, Gotthard. | |
| 830 | 0 | |a Supplement zu den Sitzungsberichten der Mathematisch-Naturwissenschaftlichen Klasse ; |v Jahrg. 1987. | |
| 830 | 0 | |a Veröffentlichungen aus der Geomedizinischen Forschungsstelle der Heidelberger Akademie der Wissenschaften. | |
| 999 | |a MARS | ||
| 999 | f | f | |s af562561-7da0-304e-bcf6-18da13325ffa |i 78128677-8455-30b5-a8c0-362cdb494ae4 |t 0 |
| 952 | f | f | |p ric |a Texas A&M University |b Rellis Campus |c Joint Library Facility |d Remote Storage |t 0 |e TX531 .E94 1987 |h Library of Congress classification |i unmediated -- volume |m A14811484882 |
| 998 | f | f | |a TX531 .E94 1987 |t 0 |l Remote Storage |